[Event "HUN-chT2 Toth 1617"]
[Site "Hungary"]
[Date "2017.02.12"]
[Round "8.11"]
[White "Daroczi, Donat"]
[Black "Balogh, Judit Dora"]
[Result "1-0"]
[WhiteElo "1613"]
[BlackElo "1635"]
[PlyCount "133"]
[EventDate "2016.09.25"]
[EventType "team-tourn"]
[EventRounds "11"]
[EventCountry "HUN"]
[SourceTitle "EXT 2021"]
[Source "ChessBase"]
[SourceDate "2020.10.23"]
[SourceVersion "1"]
[SourceVersionDate "2020.10.23"]
[SourceQuality "1"]
[WhiteTeam "Szeged Meritum"]
[BlackTeam "Szeged Maroczy II"]
[WhiteTeamCountry "HUN"]
[BlackTeamCountry "HUN"]

1. e4 c5 2. Nf3 Nc6 3. d4 cxd4 4. Nxd4 Nf6 5. Nc3 e5 6. Ndb5 d6 7. Bg5 a6 8. Na3 Be7 9. Bxf6 Bxf6 10. Nd5 0-0 11. Nc4 b5 12. Ncb6 Rb8 13. Nxc8 Rxc8 14. c3 Be7 15. Be2 f5 16. exf5 Rb8 17. Nxe7+ Nxe7 18. Bg4 Nxf5 19. Qd5+ Kh8 20. Rd1 Rb6 21. Bxf5 Rxf5 22. 0-0 Rf6 23. Qxe5 Qf8 24. Qe3 Rc6 25. Rd2 Rc5 26. Rfd1 Re5 27. Qb6 Rfe6 28. f3 d5 29. Qf2 Qe7 30. Kf1 Qc7 31. Qh4 Qc5 32. Qb4 Qxb4 33. cxb4 Rd6 34. Re2 Rxe2 35. Kxe2 Kg8 36. Kd3 Kf7 37. Kd4 Ke6 38. Re1+ Kd7 39. Re5 Kc6 40. f4 Rh6 41. h3 Rg6 42. Rg5 Re6 43. Re5 Rg6 44. g4 Rh6 45. Re3 Rf6 46. f5 g6 47. Re6+ Rxe6 48. fxe6 Kd6 49. e7 Kxe7 50. Kxd5 Kf6 51. h4 h6 52. b3 Kf7 53. Kc6 Ke6 54. Kb6 Ke5 55. Kxa6 Kf4 56. h5 g5 57. Kxb5 Kxg4 58. a4 Kxh5 59. a5 g4 60. a6 g3 61. a7 g2 62. a8Q g1Q 63. Qe8+ Kh4 64. Qd8+ Kh3 65. Qd3+ Kh4 66. Qc4+ Kh3 67. Qe6+ 1-0

[Event "HUN-chT2 Toth 1617"]
[Site "Hungary"]
[Date "2017.01.29"]
[Round "7.11"]
[White "Nagy, Gabor2222"]
[Black "Balogh, Judit Dora"]
[Result "1-0"]
[WhiteElo "1789"]
[BlackElo "1635"]
[PlyCount "119"]
[EventDate "2016.09.25"]
[EventType "team-tourn"]
[EventRounds "11"]
[EventCountry "HUN"]
[SourceTitle "EXT 2021"]
[Source "ChessBase"]
[SourceDate "2020.10.23"]
[SourceVersion "1"]
[SourceVersionDate "2020.10.23"]
[SourceQuality "1"]
[WhiteTeam "Bekes"]
[BlackTeam "Szeged Maroczy II"]
[WhiteTeamCountry "HUN"]
[BlackTeamCountry "HUN"]

1. e4 c5 2. Nf3 Nc6 3. d4 cxd4 4. Nxd4 Nf6 5. Nc3 e5 6. Ndb5 d6 7. Bg5 a6 8. Na3 Be7 9. Bxf6 Bxf6 10. Nd5 0-0 11. c3 b5 12. Nc2 Bb7 13. a4 Na7 14. Nce3 Bg5 15. Bd3 g6 16. Qe2 Bc6 17. axb5 Nxb5 18. Nb4 Qc8 19. Ned5 Qb7 20. 0-0 Rfb8 21. Qg4 Bd8 22. Nxc6 Qxc6 23. Ra2 Nc7 24. Rfa1 Nxd5 25. exd5 Qc5 26. Bxa6 Qxd5 27. Bc4 Qb7 28. Qd1 Rxa2 29. Rxa2 Be7 30. Bd5 Qc7 31. Qf3 Bf8 32. Qe3 Rb6 33. g3 Kg7 34. b4 Be7 35. Ra5 h6 36. b5 Bg5 37. f4 Bf6 38. c4 exf4 39. gxf4 Bd8 40. Qa3 Rb8 41. Ra6 Be7 42. Rc6 Qd7 43. Ra6 Qg4+ 44. Qg3 Qd1+ 45. Kg2 Qe2+ 46. Qf2 Qg4+ 47. Kh1 Bf6 48. Qf3 Qh4 49. Qg3 Qh5 50. Ra7 Bd4 51. Rxf7+ Kh8 52. Qd3 Bg7 53. Bf3 Qh3 54. Be4 Qe6 55. Bd5 Qe1+ 56. Kg2 Re8 57. Bf3 Qe6 58. Qd5 Qe1 59. Ra7 Kh7 60. Ra2 1-0

[Event "HUN-chT2 Toth 1617"]
[Site "Hungary"]
[Date "2016.12.11"]
[Round "6.7"]
[White "Balogh, Judit Dora"]
[Black "Nagy, Jozsef"]
[Result "0-1"]
[WhiteElo "1635"]
[BlackElo "1880"]
[PlyCount "80"]
[EventDate "2016.09.25"]
[EventType "team-tourn"]
[EventRounds "11"]
[EventCountry "HUN"]
[SourceTitle "EXT 2021"]
[Source "ChessBase"]
[SourceDate "2020.10.23"]
[SourceVersion "1"]
[SourceVersionDate "2020.10.23"]
[SourceQuality "1"]
[WhiteTeam "Szeged Maroczy II"]
[BlackTeam "Felegyhaza Csongrad"]
[WhiteTeamCountry "HUN"]
[BlackTeamCountry "HUN"]

1. d4 Nf6 2. c4 g6 3. Bg5 Bg7 4. Nf3 0-0 5. g3 c5 6. Nc3 b6 7. Bg2 Bb7 8. d5 Ne8 9. Qd2 Nd6 10. b3 Ne4 11. Nxe4 Bxa1 12. Qf4 Qe8 13. Bh6 Bg7 14. h4 f6 15. Bxg7 Kxg7 16. Nh2 f5 17. Qe5+ Kg8 18. Ng5 h6 19. Nhf3 Rf6 20. Nh3 d6 21. Qe3 Kg7 22. Nf4 Bc8 23. Nd2 Na6 24. Nd3 Nc7 25. f4 h5 26. Nf3 b5 27. Qd2 bxc4 28. bxc4 Ba6 29. Qc3 Qa4 30. Nd2 Re8 31. e4 Kh7 32. a3 Rff8 33. e5 Rb8 34. e6 Rb6 35. Bf3 Rfb8 36. Bd1 Qe8 37. Nf3 Qh8 38. Ng5+ Kg8 39. Qd2 Qd4 40. Qe2 Bxc4 0-1

[Event "HUN-chT2 Toth 1617"]
[Site "Hungary"]
[Date "2016.11.27"]
[Round "5.12"]
[White "Balogh, Judit Dora"]
[Black "Fodor, Istvan2222"]
[Result "0-1"]
[WhiteElo "1635"]
[BlackElo "1841"]
[PlyCount "148"]
[EventDate "2016.09.25"]
[EventType "team-tourn"]
[EventRounds "11"]
[EventCountry "HUN"]
[SourceTitle "EXT 2021"]
[Source "ChessBase"]
[SourceDate "2020.10.23"]
[SourceVersion "1"]
[SourceVersionDate "2020.10.23"]
[SourceQuality "1"]
[WhiteTeam "Szeged Maroczy II"]
[BlackTeam "Karcag"]
[WhiteTeamCountry "HUN"]
[BlackTeamCountry "HUN"]

1. d4 Nf6 2. c4 e6 3. Bg5 c5 4. Nf3 cxd4 5. Nxd4 Qa5+ 6. Bd2 Qc5 7. e3 Nc6 8. Nb3 Qb6 9. Nc3 a6 10. Be2 Be7 11. 0-0 0-0 12. Rc1 Rd8 13. Qc2 Nb4 14. Na4 Qc7 15. Bxb4 Bxb4 16. Rfd1 Bd6 17. h3 Rb8 18. c5 Be7 19. Bf3 Qe5 20. Qc3 Qg5 21. Nb6 e5 22. Bd5 h5 23. Qc4 Qg6 24. Nd2 d6 25. Nxc8 Rdxc8 26. c6 bxc6 27. Bxc6 Rb6 28. Qa4 d5 29. Nf3 Bd6 30. a3 Qf5 31. Rd2 e4 32. Nd4 Qe5 33. g3 h4 34. Ne2 hxg3 35. Nxg3 Rxb2 36. Rcd1 Rxd2 37. Rxd2 Qc3 38. Rc2 Qxa3 39. Qxa3 Bxa3 40. Ba4 Rxc2 41. Bxc2 g6 42. Ne2 Bb2 43. Bb3 Kf8 44. Nf4 d4 45. exd4 Bxd4 46. Ne2 Be5 47. Nc1 Nh5 48. Bd5 f5 49. Nb3 Ke7 50. Bb7 Nf4 51. Bxa6 Nxh3+ 52. Kg2 Nf4+ 53. Kf1 Bc3 54. Bb7 Kd6 55. Bc8 Kd5 56. Ba6 Bd4 57. Bb7+ Kc4 58. Nxd4 Kxd4 59. Bc6 g5 60. Bd7 Ke5 61. Ke1 Nd3+ 62. Ke2 Kf4 63. Be6 Nc5 64. Bg8 Ke5 65. Bf7 f4 66. Bh5 Ne6 67. Bg4 Nd4+ 68. Kd2 Nf5 69. Ke2 f3+ 70. Bxf3 Nd4+ 71. Ke3 Nxf3 72. Ke2 Kf4 73. Kf1 Nd4 74. Kg2 Ne6 0-1

[Event "HUN-chT U18"]
[Site "Hajduboszormeny"]
[Date "2016.11.04"]
[Round "4.36"]
[White "Balogh, Judit Dora"]
[Black "Dan, Anna"]
[Result "0-1"]
[WhiteElo "1635"]
[BlackElo "1403"]
[PlyCount "100"]
[EventDate "2016.11.02"]
[EventType "team-swiss"]
[EventRounds "8"]
[EventCountry "HUN"]
[SourceTitle "CBM 175 Extra"]
[Source "ChessBase"]
[SourceDate "2016.12.12"]
[SourceVersion "1"]
[SourceVersionDate "2016.12.12"]
[SourceQuality "1"]

1. d4 d5 2. c4 c6 3. Nc3 dxc4 4. e4 b5 5. g3 b4 6. Nb1 Nf6 7. e5 Nd5 8. Bxc4 e6 9. Be2 c5 10. Bf3 Bb7 11. b3 cxd4 12. Qxd4 Nd7 13. Bb2 Bc5 14. Qd2 Rc8 15. Bg2 Qb6 16. Nf3 Bxf2+ 17. Qxf2 Qxf2+ 18. Kxf2 Rc2+ 19. Nbd2 Rxb2 20. Rhe1 Nc3 21. a3 Bxf3 22. Kxf3 Rxd2 23. axb4 0-0 24. Rxa7 Rd3+ 25. Kf2 f6 26. Bf1 Nxe5 27. Rea1 Ng4+ 28. Kg1 Rd1 29. Rxd1 Nxd1 30. Bc4 Re8 31. b5 Ne5 32. b6 h6 33. Rc7 Nxc4 34. bxc4 Rb8 35. b7 Kh7 36. c5 Nc3 37. c6 Ne2+ 38. Kf2 Nd4 39. Rc8 Nxc6 40. Rxb8 Nxb8 41. Ke3 Kg8 42. Kd4 Kf7 43. Kc5 Ke7 44. g4 e5 45. h4 Ke6 46. Kc4 Kd6 47. Kd3 Kd5 48. Ke3 g6 49. Kf3 Kd4 50. Ke2 Ke4 0-1

[Event "HUN-chT Csongrad Region"]
[Site "Hungary"]
[Date "2016.04.10"]
[Round "8.5"]
[White "Balogh, Judit Dora"]
[Black "Gabor, Geza"]
[Result "1/2-1/2"]
[WhiteElo "1551"]
[BlackElo "1695"]
[PlyCount "134"]
[EventDate "2015.09.20"]
[EventType "team-tourn"]
[EventRounds "9"]
[EventCountry "HUN"]
[SourceTitle "EXT 2017"]
[Source "ChessBase"]
[SourceDate "2016.10.25"]
[SourceVersion "1"]
[SourceVersionDate "2016.10.25"]
[SourceQuality "1"]

1. d4 e5 2. c3 exd4 3. cxd4 d5 4. Nc3 c6 5. Bf4 Bd6 6. Qd2 Nf6 7. Bxd6 Qxd6 8. e3 Bf5 9. Nf3 Nbd7 10. Bd3 Bxd3 11. Qxd3 0-0 12. 0-0 Rae8 13. h3 Ne4 14. Rad1 Qb4 15. Qc2 f5 16. Nd2 Ndf6 17. Qb3 Qe7 18. Nf3 Rb8 19. Ne5 Nd7 20. Nxd7 Qxd7 21. Ne2 Qd6 22. Nf4 Nf6 23. Rc1 Ne4 24. Rfd1 Kh8 25. Nd3 g5 26. Ne5 Kg7 27. Qc2 f4 28. Rf1 fxe3 29. fxe3 c5 30. Qd1 Rxf1+ 31. Qxf1 Rf8 32. Qb5 b6 33. Qc6 Qxc6 34. Nxc6 h5 35. a3 h4 36. dxc5 bxc5 37. Rd1 Ng3 38. Nxa7 d4 39. exd4 cxd4 40. Nc6 d3 41. Nd4 Kg6 42. Nf3 Kf5 43. Rxd3 Ke4 44. Rd7 Kf4 45. a4 Rc8 46. Rd1 Rb8 47. Rb1 Ne2+ 48. Kf1 Nc3 49. Ra1 Rxb2 50. a5 Rb8 51. a6 Ra8 52. Nd4 Ke5 53. Nf3+ Kf4 54. Nd4 Ke5 55. Nb3 Kd6 56. Kf2 Kc6 57. Kf3 Kb6 58. Kg4 Ka7 59. Nc5 Re8 60. Rf1 Re7 61. Rf5 Nd1 62. Rxg5 Rh7 63. Kf5 Ne3+ 64. Kg6 Rc7 65. g3 hxg3 66. Rxg3 Rc6+ 67. Kh7 Nf5 1/2-1/2

[Event "HUN-chT Csongrad Region"]
[Site "Hungary"]
[Date "2015.09.20"]
[Round "1.5"]
[White "Szajbely, Samuel Janos"]
[Black "Balogh, Judit Dora"]
[Result "0-1"]
[WhiteElo "1574"]
[BlackElo "1551"]
[PlyCount "94"]
[EventDate "2015.09.20"]
[EventType "team-tourn"]
[EventRounds "9"]
[EventCountry "HUN"]
[SourceTitle "EXT 2017"]
[Source "ChessBase"]
[SourceDate "2016.10.25"]
[SourceVersion "1"]
[SourceVersionDate "2016.10.25"]
[SourceQuality "1"]

1. e4 c5 2. Nf3 Nc6 3. d4 cxd4 4. Nxd4 Nf6 5. Nc3 a6 6. Be3 e5 7. Nf3 Bb4 8. Bd3 d5 9. exd5 Qxd5 10. Be2 Be6 11. Bd2 Qd6 12. a3 Bc5 13. Na4 Ba7 14. 0-0 b5 15. Nc3 0-0 16. Bg5 Qxd1 17. Raxd1 Nd7 18. Nd5 Rac8 19. Be7 Rfe8 20. Bd6 Bxd5 21. Rxd5 Nb6 22. Rd2 Na4 23. c3 Nc5 24. Bxc5 Bxc5 25. Rd5 Bb6 26. a4 e4 27. Nh4 e3 28. f4 bxa4 29. Rf3 Rcd8 30. Rxd8 Rxd8 31. Kf1 g6 32. g3 Rd2 33. Ng2 Rxb2 34. Nxe3 Bxe3 35. Rxe3 a3 36. Bc4 a2 37. Re1 Rxh2 38. Kg1 Rc2 39. g4 Rxc3 40. Bxa2 Rg3+ 41. Kf2 Rxg4 42. Kf3 h5 43. Re8+ Kg7 44. Bd5 Nd4+ 45. Ke4 Nf5 46. Ra8 Rg3 47. Bb7 Nd6+ 0-1

[Event "HUN-chT2 Toth 1415"]
[Site "Hungary"]
[Date "2015.01.25"]
[Round "7"]
[White "Kovacs, Sandor"]
[Black "Balogh, Judit Dora"]
[Result "1/2-1/2"]
[WhiteElo "1515"]
[BlackElo "1282"]
[PlyCount "107"]
[EventDate "2014.09.07"]
[EventType "team-tourn"]
[EventRounds "11"]
[EventCountry "HUN"]
[SourceTitle "EXT 2016"]
[Source "ChessBase"]
[SourceDate "2015.10.08"]
[SourceVersion "1"]
[SourceVersionDate "2015.10.08"]
[SourceQuality "1"]
[WhiteTeam "Karcag"]
[BlackTeam "Felegyhaza Csongrad"]
[WhiteTeamCountry "HUN"]
[BlackTeamCountry "HUN"]

1. e4 c5 2. Nf3 g6 3. Bc4 Bg7 4. Nc3 d6 5. d3 Nf6 6. Bd2 0-0 7. Qc1 Re8 8. Bh6 Bh8 9. Ng5 e6 10. 0-0 Ng4 11. Nf3 Nxh6 12. Qxh6 Bg7 13. Qf4 Nc6 14. Rab1 a6 15. a3 b5 16. Ba2 b4 17. axb4 Nxb4 18. Bb3 Qe7 19. Rfe1 Bb7 20. Rbd1 Rac8 21. Nd2 Qc7 22. Nc4 d5 23. Qxc7 Rxc7 24. Nd6 Rd8 25. Nxb7 Rxb7 26. exd5 Bxc3 27. bxc3 Nxd5 28. c4 Nc3 29. Ra1 Ra8 30. Ra5 Rc7 31. Re5 Kg7 32. Rexc5 Rxc5 33. Rxc5 a5 34. h4 a4 35. h5 a3 36. hxg6 hxg6 37. d4 Ne2+ 38. Kf1 Nxd4 39. Ba2 Nxc2 40. Rb5 Nd4 41. Rb4 Kf6 42. c5 Nc6 43. Rb6 Rc8 44. Ra6 Nb4 45. Rxa3 Nxa2 46. Rxa2 Rxc5 47. g3 Kf5 48. Kg2 g5 49. Ra3 g4 50. Ra4 Rc7 51. Ra5+ e5 52. Ra3 f6 53. Rb3 Ra7 54. Rc3 1/2-1/2

[Event "HUN-chT2 Toth 1314"]
[Site "Hungary"]
[Date "2014.03.23"]
[Round "9.11"]
[White "Balogh, Judit Dora"]
[Black "Fekete, Alex"]
[Result "0-1"]
[WhiteElo "1268"]
[BlackElo "1736"]
[PlyCount "60"]
[EventDate "2013.09.08"]
[EventType "team-tourn"]
[EventRounds "11"]
[EventCountry "HUN"]
[SourceTitle "EXT 2016"]
[Source "ChessBase"]
[SourceDate "2015.10.08"]
[SourceVersion "1"]
[SourceVersionDate "2015.10.08"]
[SourceQuality "1"]
[WhiteTeam "Csongrad Felegyhaza"]
[BlackTeam "Toth Laszlo II"]
[WhiteTeamCountry "HUN"]
[BlackTeamCountry "HUN"]

1. e4 c5 2. Nf3 g6 3. d4 cxd4 4. Nxd4 Bg7 5. Nc3 Nc6 6. Be3 d6 7. Bc4 Nf6 8. f3 0-0 9. Qd2 Qb6 10. Nb3 Qc7 11. 0-0-0 a6 12. g4 b5 13. Nd5 Nxd5 14. Bxd5 Bb7 15. h4 Ne5 16. Rdf1 Bxd5 17. Qxd5 Rfc8 18. Rh2 e6 19. Qd2 Nc4 20. Qd3 Nxb2 21. Qd2 Nc4 22. Qd3 d5 23. Rg2 Nxe3 24. Qxe3 Qc4 25. Rfg1 d4 26. Qe2 d3 27. Qd2 a5 28. Kb1 a4 29. Nc1 dxc2+ 30. Qxc2 Qb4+ 0-1

[Event "HUN-chT2 Toth 1314"]
[Site "Hungary"]
[Date "2014.03.02"]
[Round "8.11"]
[White "Hos, Daniel Dominik"]
[Black "Balogh, Judit Dora"]
[Result "1/2-1/2"]
[WhiteElo "1653"]
[BlackElo "1268"]
[PlyCount "75"]
[EventDate "2013.09.08"]
[EventType "team-tourn"]
[EventRounds "11"]
[EventCountry "HUN"]
[SourceTitle "EXT 2016"]
[Source "ChessBase"]
[SourceDate "2015.10.08"]
[SourceVersion "1"]
[SourceVersionDate "2015.10.08"]
[SourceQuality "1"]
[WhiteTeam "Roszke"]
[BlackTeam "Csongrad Felegyhaza"]
[WhiteTeamCountry "HUN"]
[BlackTeamCountry "HUN"]

1. d4 Nf6 2. Bf4 e6 3. e3 d5 4. Nf3 c5 5. c3 Nc6 6. Bd3 c4 7. Bc2 Bd6 8. Bg3 0-0 9. Ne5 Qc7 10. Ng4 Nxg4 11. Qxg4 Bxg3 12. hxg3 f5 13. Qh4 g6 14. Nd2 Qe7 15. Qh6 Qg7 16. Qh2 b5 17. Nf3 a6 18. Ng5 Ra7 19. Kd2 e5 20. Qh4 e4 21. Rh2 h5 22. Nh3 Ne7 23. Qf4 Qf6 24. Rah1 a5 25. Qb8 Rb7 26. Qf4 b4 27. Rb1 b3 28. axb3 cxb3 29. Bd1 a4 30. Qh6 Qg7 31. Qf4 Qf6 32. Qh6 Qg7 33. Qf4 Qf6 34. Be2 Bd7 35. Rhh1 Rfb8 36. Qh6 Qg7 37. Qg5 Rf8 38. Qf4 1/2-1/2

[Event "HUN-chT2 Toth 1314"]
[Site "Hungary"]
[Date "2013.11.03"]
[Round "4.11"]
[White "Deak, Zoltan"]
[Black "Balogh, Judit Dora"]
[Result "1-0"]
[WhiteElo "1942"]
[BlackElo "1268"]
[PlyCount "97"]
[EventDate "2013.09.08"]
[EventType "team-tourn"]
[EventRounds "11"]
[EventCountry "HUN"]
[SourceTitle "EXT 2016"]
[Source "ChessBase"]
[SourceDate "2015.10.08"]
[SourceVersion "1"]
[SourceVersionDate "2015.10.08"]
[SourceQuality "1"]
[WhiteTeam "Bekes"]
[BlackTeam "Csongrad Felegyhaza"]
[WhiteTeamCountry "HUN"]
[BlackTeamCountry "HUN"]

1. d4 Nf6 2. Nf3 e6 3. Bf4 d5 4. e3 c5 5. c3 Bd6 6. Bxd6 Qxd6 7. Nbd2 Nc6 8. Bd3 0-0 9. 0-0 c4 10. Bc2 b5 11. e4 Qc7 12. Re1 h6 13. e5 Nh7 14. h3 f6 15. Nf1 Ng5 16. N1h2 Nf7 17. exf6 gxf6 18. Ng4 f5 19. Nge5 Nfxe5 20. Nxe5 Nxe5 21. Rxe5 Qg7 22. Qf3 Rf6 23. Kh2 Bd7 24. Rg1 Kh8 25. Qf4 Rg8 26. Re3 Qf7 27. Qe5 Rg5 28. f4 Rg7 29. Bd1 Bc8 30. a3 a6 31. Bh5 Qc7 32. Rf1 Qxe5 33. Rxe5 Bd7 34. Bf3 a5 35. Re2 a4 36. g4 Rgf7 37. g5 Rg6 38. Bh5 Rgg7 39. Bxf7 Rxf7 40. Rfe1 hxg5 41. fxg5 Rg7 42. h4 Rh7 43. Kg3 f4+ 44. Kxf4 Rxh4+ 45. Ke5 Rg4 46. Kd6 Bc8 47. Re5 Kg7 48. Kc7 Ba6 49. Rxe6 1-0

[Event "HUN-chT2 Toth 1213"]
[Site "Hungary"]
[Date "2013.03.03"]
[Round "8.11"]
[White "Tubak, Daniel"]
[Black "Balogh, Judit Dora"]
[Result "1-0"]
[WhiteElo "1602"]
[BlackElo "1266"]
[PlyCount "25"]
[EventDate "2012.09.16"]
[EventType "team-tourn"]
[EventRounds "11"]
[EventCountry "HUN"]
[SourceTitle "EXT 2014"]
[Source "ChessBase"]
[SourceDate "2013.11.20"]
[SourceVersion "1"]
[SourceVersionDate "2013.11.20"]
[SourceQuality "1"]
[WhiteTeam "Maroczy II"]
[BlackTeam "Felegyhaza Csongrad"]
[WhiteTeamCountry "HUN"]
[BlackTeamCountry "HUN"]

1. e4 e6 2. d4 d5 3. Nc3 Bb4 4. e5 Ne7 5. a3 Bxc3+ 6. bxc3 0-0 7. Bd3 b6 8. Nf3 c5 9. Bxh7+ Kh8 10. Bd3 c4 11. Ng5 g6 12. Qf3 Nf5 13. Qh3+ 1-0

[Event "HUN-chT2 Toth 1213"]
[Site "Hungary"]
[Date "2013.02.17"]
[Round "7.12"]
[White "Balogh, Judit Dora"]
[Black "Kocsis, Daniel"]
[Result "1/2-1/2"]
[WhiteElo "1266"]
[BlackElo "1673"]
[PlyCount "66"]
[EventDate "2012.09.16"]
[EventType "team-tourn"]
[EventRounds "11"]
[EventCountry "HUN"]
[SourceTitle "EXT 2014"]
[Source "ChessBase"]
[SourceDate "2013.11.20"]
[SourceVersion "1"]
[SourceVersionDate "2013.11.20"]
[SourceQuality "1"]
[WhiteTeam "Felegyhaza Csongrad"]
[BlackTeam "Ujszasz"]
[WhiteTeamCountry "HUN"]
[BlackTeamCountry "HUN"]

1. e4 e5 2. Nf3 d6 3. d4 exd4 4. Nxd4 Nf6 5. f3 g6 6. Nc3 Bg7 7. Be3 0-0 8. Qd2 d5 9. e5 Ne8 10. Bf4 c6 11. 0-0-0 Nc7 12. Bh6 Ne6 13. Bxg7 Kxg7 14. g4 Re8 15. h4 Nd7 16. Re1 Qc7 17. f4 Ndf8 18. Nf3 d4 19. Nxd4 Nxd4 20. Qxd4 Bxg4 21. Qf2 h5 22. Bh3 Qd7 23. Bxg4 Qxg4 24. Ne4 Qe6 25. Kb1 Nd7 26. Rd1 f6 27. Rxd7+ Qxd7 28. Nxf6 Qf5 29. Nxe8+ Rxe8 30. Rd1 Kh7 31. Qd4 Qf7 32. Qd7 Re7 33. Qd4 b6 1/2-1/2

[Event "HUN-chT2 Toth 1011"]
[Site "Hungary"]
[Date "2011.04.10"]
[Round "8.12"]
[White "Perdi, Zsombor"]
[Black "Balogh, Judit Dora"]
[Result "1/2-1/2"]
[WhiteElo "1508"]
[BlackElo "1295"]
[PlyCount "51"]
[EventDate "2010.09.12"]
[EventType "team-tourn"]
[EventRounds "11"]
[EventCountry "HUN"]
[SourceTitle "EXT 2012"]
[Source "ChessBase"]
[SourceDate "2011.11.24"]
[SourceVersion "1"]
[SourceVersionDate "2011.11.24"]
[SourceQuality "1"]
[WhiteTeam "Bekes"]
[BlackTeam "Csongrad Felegyhaza"]
[WhiteTeamCountry "HUN"]
[BlackTeamCountry "HUN"]

1. e4 e5 2. Nf3 Nc6 3. Nc3 Nf6 4. d4 exd4 5. Nxd4 Bc5 6. Be3 Nxd4 7. Bxd4 Bxd4 8. Qxd4 0-0 9. Bc4 d6 10. 0-0 c5 11. Qd3 Re8 12. f3 Be6 13. Rad1 Bxc4 14. Qxc4 Qc7 15. Nb5 Qe7 16. Nxd6 Red8 17. e5 Ne8 18. Qxc5 b6 19. Qd5 Nxd6 20. exd6 Qd7 21. Rfe1 Rac8 22. Re7 Qxe7 23. dxe7 Rxd5 24. Rxd5 Re8 25. Rd8 Rxd8 26. exd8Q# 1/2-1/2

[Event "HUN-chT2 Toth 1011"]
[Site "Hungary"]
[Date "2010.09.12"]
[Round "1.12"]
[White "Koszo, Attila"]
[Black "Balogh, Judit Dora"]
[Result "1-0"]
[WhiteElo "1806"]
[BlackElo "1295"]
[PlyCount "61"]
[EventDate "2010.09.12"]
[EventType "team-tourn"]
[EventRounds "11"]
[EventCountry "HUN"]
[SourceTitle "EXT 2012"]
[Source "ChessBase"]
[SourceDate "2011.11.24"]
[SourceVersion "1"]
[SourceVersionDate "2011.11.24"]
[SourceQuality "1"]
[WhiteTeam "Maroczy II"]
[BlackTeam "Csongrad Felegyhaza"]
[WhiteTeamCountry "HUN"]
[BlackTeamCountry "HUN"]

1. d4 Nf6 2. c4 e6 3. Nf3 Bb4+ 4. Bd2 Bxd2+ 5. Qxd2 0-0 6. Nc3 d5 7. g3 Nc6 8. cxd5 exd5 9. Bg2 Bf5 10. Nh4 Bg6 11. Nxg6 hxg6 12. 0-0 Re8 13. e3 Ne7 14. Rfc1 Rc8 15. b4 b6 16. Nb5 a6 17. Na7 Ra8 18. Nc6 Nxc6 19. Rxc6 Qd7 20. Rac1 Rec8 21. R1c2 Ra7 22. Qc1 Rb7 23. Bf1 Ra7 24. Rxb6 Ne8 25. Rxa6 Rb7 26. a3 Nd6 27. Bh3 f5 28. Bg2 Nf7 29. Rc5 Kh7 30. Bxd5 Rbb8 31. Be6 1-0